000 01821cam a22005297 4500
999 _c56256
001 7144581
003 LIBRIS
005 20210303155406.0
008 011211s1974 sw 000 f swe c
020 _a9100399418
040 _aS
082 0 4 _a839.73
_222 (machine generated)
084 _aHc.01
_2kssb/5
084 _aHc
_2kssb/5
084 _aHc.01
_2kssb/6
084 _aHc
_2kssb
100 1 _aJohnson, Eyvind,
_d1900-1976
_0216721
245 0 0 _aHans nådes tid /
_cEyvind Johnson
250 _a[Ny utg.] /
_b2. uppl.
260 _aStockholm :
_bAldus,
_c1974 ;
_e(Stockholm :
_fBonnier)
300 _a589, [1] s.
440 0 _aDelfinserien,
_x0346-6574 ;
_v100
653 _aSvensk skönlitteratur: romaner och noveller
900 1 s _6100
_q(Eyvind),
_d1900-1976
_uJohnson, Eyvind,
_d1900-1976
900 1 s _6100
_d1900-1976
_uJohnson, Eyvind,
_d1900-1976
900 1 s _6100
_d1900-1976
_uJohnson, Eyvind,
_d1900-1976
900 1 s _6100
_d1900-1976
_uJohnson, Eyvind,
_d1900-1976
942 _2z
_cBOOK